| 000 | 01427nam a2200349 i 4500 | ||
|---|---|---|---|
| 001 | 25430 | ||
| 003 | KOSZ 005 | ||
| 005 | 20210528104042.0 | ||
| 008 | 080224s1966 pl a f 001 0 pol | ||
| 015 | _aPB 1966/5487 | ||
| 035 | _a(OCoLC)831297628 | ||
| 040 |
_aWA N _cWA N _dKOSZ 005/KK |
||
| 080 | _a331.82:614:543 | ||
| 245 | 0 | 0 |
_aSzkodliwe substancje w powietrzu pomieszczeń pracy : _bmetody oznaczania : opracowanie zbiorowe / _cpod red. Antoniego Senteka ; [aut. Z. Grabowski et al.] ; Centralny Instytut Ochrony Pracy. |
| 260 |
_aWarszawa : _bWydawnictwo Związkowe Centralnej Rady Związków Zawodowych, _c1966. |
||
| 300 |
_a[2], 377, [1] stron : _bilustracje ; _c23 cm. |
||
| 336 |
_2rdacontent _aTekst _btxt |
||
| 337 |
_2rdamedia _aBez urządzenia pośredniczącego _bn |
||
| 338 |
_2rdacarrier _aWolumin _bnc |
||
| 380 | _aKsiążki. | ||
| 490 | 1 | _aSeria Wydawnictw Książkowych CIOP. | |
| 504 | _aBibliografia na stronie [368]. Indeks. | ||
| 658 | _aMedycyna i zdrowie | ||
| 650 | 4 | _aPowietrze | |
| 650 | 4 | _aBHP | |
| 700 | 1 |
_aSentek, Antoni. _eRedakcja |
|
| 700 | 1 | _aGrabowski, Zygmunt. | |
| 710 |
_aWydawnictwo Związkowe Centralnej Rady Związków Zawodowych _4pbl. |
||
| 830 | 0 | _aSeria Wydawnictw Książkowych CIOP. | |
| 856 |
_uhttp://koha.tu.koszalin.pl/cgi-bin/koha/opac-detail.pl?biblionumber=25430 _yKatalog online BPK |
||
| 942 |
_2UKD _cKS |
||
| 999 |
_c25430 _d25430 |
||